| 000 | 00463cam a2200193ua 4500 | ||
|---|---|---|---|
| 001 | 1343 | ||
| 008 | 110706n ii |||gr||||Z||||||eng | ||
| 040 | _cMAIN | ||
| 082 | _a301 | ||
| 100 | 1 | _aSanyal, J, | |
| 245 | 1 |
_aSocial Philosophy _cBy J. Sanyal |
|
| 250 | _a3rd. | ||
| 260 |
_aCulcutta: _bSribhumi Publishing Company,970. |
||
| 300 |
_a245p: _c23cm. |
||
| 653 | _aSociology | ||
| 653 | _aPhilosophy of Sociology | ||
| 700 | _aMallick, K. N. | ||
| 942 | _cBK | ||
| 999 |
_c1241 _d1241 |
||